000 00389pab a2200145 454500
008 180718b1985 xxu||||| |||| 00| 0 eng d
100 _aDe Mello, Diage Lordello
245 _aDeveloping local authorities in Latin America
260 _c1985
300 _a7-9
362 _aAutumn
650 _aLocal Government - Latin America
773 _aPlanning and Administration
909 _a12758
999 _c12758
_d12758